| 000 | 03419nam0a2200469 4500 | ||
|---|---|---|---|
| 001 | RU\NLR\bibl\1032115 | ||
| 005 | 20260405161646.0 | ||
| 010 |
_a5-89480-106-0 _bВ пер. |
||
| 021 |
_aRU _b2006-76921 _93893 |
||
| 035 | _a(nilc)RSL-KNO-002981770 | ||
| 035 | _a(NLR Aleph) 001019571 | ||
| 090 |
_a689788 _c689788 |
||
| 100 | _a20061127d2006 |||y0rusy50 ca | ||
| 101 | 1 |
_arus _aeng |
|
| 102 | _aRU | ||
| 105 | _aa zzzz||||| | ||
| 106 | _ar | ||
| 200 | 1 |
_aОт символизма к авангарду _eграфика и скульптура первой трети XX века из собрания Марии Салиной и Сергея Кривошеева _e[каталог выставки _fНаталия Автономова и др. _gавт. вступ. ст. Григорий Стернин _gсост. биографий художников: Наталья Семенова] |
|
| 210 |
_aМосква _cТрилистник _cГосударственный музей изобразительных искусств. Отд. личных коллекций _d2006 |
||
| 215 |
_a271 с. _cил., цв. ил., портр. _d28 |
||
| 300 | _aТекст парал. на рус. и англ. яз. | ||
| 601 | 0 | 2 |
_aГосударственный музей изобразительных искусств им. А.С. Пушкина _bОтдел личных коллекций _cМосква, город _jКаталоги _jКаталоги _xВыставки _z2006 _92436313 _3RU\NLR\auth\661449726 |
| 606 | 1 |
_aХудожественная коллекция Салиной М. _jКаталоги _xВыставки _yМосква, город _z2006 _92467632 _3RU\NLR\auth\661465828 |
|
| 606 | 1 |
_aХудожественная коллекция С. Кривошеева _jКаталоги _xВыставки _yМосква, город _z2006 _92467631 _3RU\NLR\auth\661465827 |
|
| 606 | 1 |
_aИзобразительное искусство русское _xВыставки _yМосква, город _z19 - 20 вв. _z2006 _92437785 _3RU\NLR\auth\661450483 |
|
| 610 | 0 | _aИскусство. Искусствознание -- Графика -- История графики -- Российская Федерация -- Русская графика -- Кон. 19 - нач. 20 вв. -- Персоналии графиков -- Музеи. Коллекции. Собрания | |
| 610 | 0 | _aИскусство. Искусствознание -- Скульптура -- История скульптуры -- Российская Федерация -- Русская скульптура -- Кон. 19 - нач. 20 вв. -- Персоналии скульпторов -- Музеи. Коллекции. Собрания | |
| 686 |
_aЩ153(2Р=Р)53-8л61 _2rubbk |
||
| 686 |
_aЩ133(2Р=Р)53-8л61 _2rubbk |
||
| 686 | _aЩ101.3(2Р)-4 Салина | ||
| 686 | _aЩ101.3(2Р)-4 Кривошеев | ||
| 686 | _aЩ103(2Р=Рус)53л61 | ||
| 702 | 1 |
_4220 _7ca _8rus _aАвтономова _bН. Б. _f1947- _gНаталья Борисовна _951014 _3RU\NLR\AUTH\7768086 |
|
| 702 | 1 |
_aСалина _bМ. _gМария _4570 |
|
| 702 | 1 |
_aКривошеев _bС. _gСергей _4570 |
|
| 801 | 0 |
_aRU _bРКП _c20061127 _grcr |
|
| 801 | 1 |
_aRU _bРГБ _c20061127 |
|
| 801 | 2 |
_aRU _bNLR _c20070118 _grcr |
|
| 942 | _cBOOK | ||
| 980 | _aNB | ||